[Event "101st YMCA Winter C"]
[Site "Warszawa"]
[Date "2012.02.29"]
[Round "9"]
[White "Pajak, Jakub"]
[Black "Sawicki, Wojciech"]
[Result "1-0"]
[WhiteElo "1693"]
[BlackElo "1769"]
[PlyCount "87"]
[EventDate "2012.01.03"]
[EventType "tourn"]
[EventRounds "1"]
[EventCountry "POL"]
[SourceDate "2012.01.03"]

1. e4 e5 2. Nf3 Nc6 3. c3 Nf6 4. d4 d6 5. Bb5 Bd7 6. O-O Be7 7. Re1 O-O 8. Nbd2
exd4 9. cxd4 Bg4 10. e5 Nd5 11. Bc4 Nb6 12. Qb3 Bxf3 13. Qxf3 Nxd4 14. Qe4 Nxc4
15. Nxc4 dxe5 16. Nxe5 Bf6 17. Bf4 Ne6 18. Rad1 Qe7 19. Nd7 Rfd8 20. Qxb7 Qe8
21. Bxc7 Rdc8 22. Ba5 Bd8 23. Bxd8 Rxd8 24. f4 Rac8 25. Qxa7 f5 26. Qa6 Rxd7
27. Rxd7 Qxd7 28. Qxe6+ Qxe6 29. Rxe6 Rc2 30. Rb6 g6 31. g3 Kg7 32. a4 Rc1+ 33.
Kg2 Rc2+ 34. Kh3 Rc4 35. a5 Ra4 36. a6 h6 37. b4 g5 38. fxg5 hxg5 39. b5 Ra2
40. Rc6 Kh7 41. Rf6 g4+ 42. Kh4 Kg7 43. Rxf5 Kg6 44. Kxg4 1-0

[Event "101st YMCA Winter C"]
[Site "Warszawa"]
[Date "2012.02.29"]
[Round "9"]
[White "Duda, Ryszard"]
[Black "Maciejewski, Andrzej"]
[Result "0-1"]
[WhiteElo "1692"]
[BlackElo "1754"]
[PlyCount "82"]
[EventDate "2012.01.03"]
[EventType "tourn"]
[EventRounds "1"]
[EventCountry "POL"]
[SourceDate "2012.01.03"]

1. d4 c5 2. d5 d6 3. c4 e6 4. e4 exd5 5. exd5 g6 6. Nc3 Bg7 7. Nf3 Ne7 8. Be3
O-O 9. Be2 Nd7 10. O-O Nf5 11. Bf4 Nf6 12. Bd3 h6 13. h3 a6 14. Qc2 Ne7 15. Ne4
Nxe4 16. Bxe4 f5 17. Bd3 g5 18. Bd2 Ng6 19. Bc3 Bd7 20. Bxg7 Kxg7 21. a4 Qf6
22. Rfe1 Nf4 23. Bf1 Rf7 24. Qc3 Raf8 25. g3 Ng6 26. Qxf6+ Rxf6 27. Re2 g4 28.
Nh2 Ne5 29. b3 h5 30. Bg2 f4 31. gxf4 Rxf4 32. hxg4 hxg4 33. Be4 Kf6 34. Kg2
Kg5 35. Rg1 Bf5 36. Bxf5 R8xf5 37. Rd2 a5 38. Re1 Nf3 39. Nxf3+ gxf3+ 40. Kg3
Rg4+ 41. Kh3 Rf8 0-1

[Event "101st YMCA Winter C"]
[Site "Warszawa"]
[Date "2012.02.29"]
[Round "9"]
[White "Kaniewska, Emilia"]
[Black "Prus, Marek"]
[Result "1-0"]
[WhiteElo "1683"]
[BlackElo "1735"]
[PlyCount "76"]
[EventDate "2012.01.03"]
[EventType "tourn"]
[EventRounds "1"]
[EventCountry "POL"]
[SourceDate "2012.01.03"]

1. c4 Nf6 2. Nc3 g6 3. g3 Bg7 4. Bg2 O-O 5. e3 d6 6. Nge2 e5 7. O-O Nc6 8. d4
Bd7 9. Rb1 Qc8 10. Re1 Bh3 11. Bh1 Kh8 12. b4 Ng8 13. b5 Nce7 14. Ba3 f5 15.
dxe5 Bxe5 16. Nd5 g5 17. f4 gxf4 18. Ndxf4 Bg4 19. h3 Bxe2 20. Qxe2 Nf6 21. Bb2
Nd7 22. Kh2 c6 23. Rbc1 Rf6 24. e4 Qc7 25. Rf1 Raf8 26. Rf2 fxe4 27. Bxe4 Nc5
28. Bb1 Kg8 29. Rcf1 Ng6 30. Nxg6 Rxf2+ 31. Rxf2 Rxf2+ 32. Qxf2 hxg6 33. Bxe5
dxe5 34. Qxc5 Qf7 35. Kg2 cxb5 36. cxb5 e4 37. Bxe4 Qxa2+ 38. Qf2 b6 1-0

[Event "101st YMCA Winter C"]
[Site "Warszawa"]
[Date "2012.02.29"]
[Round "9"]
[White "Chomczyk, Marek"]
[Black "Chmielewska, Joanna"]
[Result "0-1"]
[WhiteElo "1808"]
[BlackElo "1774"]
[Annotator "M"]
[PlyCount "72"]
[EventDate "2012.01.03"]
[EventType "tourn"]
[EventRounds "1"]
[EventCountry "POL"]
[SourceDate "2012.01.03"]

1. e4 e6 2. d4 d5 3. Nc3 dxe4 4. Nxe4 Nf6 5. Bg5 Be7 6. Bxf6 Bxf6 7. Nf3 Nd7 8.
c3 O-O 9. Bd3 h6 10. O-O b6 11. Bc2 Bb7 12. Qd3 Bxe4 13. Qxe4 g6 14. Rad1 Bg7
15. Ba4 Nf6 16. Qc6 Qd6 17. Ne5 Rfd8 18. Qf3 Rf8 19. Rfe1 a6 20. Bc6 Rab8 21.
Nc4 Qd8 22. Ne3 b5 23. d5 exd5 24. Bxd5 Qc8 25. h3 Rb6 26. Bb3 c5 27. Nd5 Nxd5
28. Bxd5 Rf6 29. Qe3 Kh7 30. Qe7 c4 31. Re3 Rd8 32. Rf3 Rxf3 33. Bxf3 Rxd1+ 34.
Bxd1 Qf5 35. Qe2 Qf6 36. g3 Qe5 $138 0-1

[Event "101st YMCA Winter C"]
[Site "Warszawa"]
[Date "2012.01.27"]
[Round "9"]
[White "Rozycki, Bartlomiej"]
[Black "Wrabel, Antoni"]
[Result "1-0"]
[WhiteElo "1839"]
[BlackElo "1713"]
[PlyCount "75"]
[EventDate "2012.01.03"]
[EventType "tourn"]
[EventRounds "1"]
[EventCountry "POL"]
[SourceDate "2012.01.03"]

1. e4 e5 2. Nf3 Nc6 3. Bc4 Be7 4. d4 exd4 5. Nxd4 d6 6. O-O Nf6 7. Re1 O-O 8.
Nc3 Nxd4 9. Qxd4 Be6 10. Bxe6 fxe6 11. e5 Nd7 12. exd6 Bxd6 13. Qc4 Kh8 14.
Qxe6 Bxh2+ 15. Kxh2 Qh4+ 16. Qh3 Qxf2 17. Be3 Qf7 18. Rad1 Nf6 19. Bc5 Rfe8 20.
Qf3 Qg6 21. Kg1 b6 22. Bd4 Ng4 23. Re4 h5 24. Rde1 c5 25. Rxe8+ Rxe8 26. Rxe8+
Qxe8 27. Bf2 Qe5 28. Qa8+ Kh7 29. Qe4+ g6 30. Qxe5 Nxe5 31. Bg3 Nc4 32. b3 Na3
33. Bb8 a6 34. Ba7 b5 35. Bxc5 Nxc2 36. Kf2 Kg7 37. Ke2 b4 38. Nb1 1-0

[Event "101st YMCA Winter C"]
[Site "Warszawa"]
[Date "2012.02.29"]
[Round "9"]
[White "Antokolski, Michal"]
[Black "Praczukowski, Stanislaw"]
[Result "0-1"]
[WhiteElo "1742"]
[BlackElo "1727"]
[PlyCount "108"]
[EventDate "2012.01.03"]
[EventType "tourn"]
[EventRounds "1"]
[EventCountry "POL"]
[SourceDate "2012.01.03"]

1. e4 c5 2. Nf3 d6 3. d4 cxd4 4. Nxd4 Nf6 5. Nc3 a6 6. Bc4 e6 7. Be3 b5 8. Bd3
Bb7 9. f3 Nbd7 10. Qd2 Rc8 11. O-O-O Nc5 12. g4 Nxd3+ 13. Qxd3 Qa5 14. Kb1 d5
15. e5 Nd7 16. Nb3 Qc7 17. Bd4 b4 18. Ne2 Nxe5 19. Bxe5 Qxe5 20. f4 Qe4 21.
Qxe4 dxe4 22. Ng3 g6 23. f5 e3 24. Rhe1 Bf3 25. Rd3 Bxg4 26. fxe6 f5 27. Rdxe3
f4 28. Re4 fxg3 29. Rxg4 gxh2 30. Nd4 Rc4 31. b3 Rc3 32. e7 Bxe7 33. Rge4 Kd8
34. Rxe7 h1=Q 35. Rxh1 Kxe7 36. Re1+ Kd7 37. Kb2 Rc5 38. Re4 h5 39. Nf3 g5 40.
Rxb4 h4 41. Rg4 h3 42. Nh2 Rhc8 43. c4 Rf8 44. Kc3 Rf2 45. b4 Rcf5 46. Rd4+ Kc7
47. a4 Rxh2 48. b5 a5 49. Rg4 Rf3+ 50. Kd4 Rf4+ 51. Rxf4 gxf4 52. c5 Rc2 53.
b6+ Kc6 54. Kd3 Rxc5 0-1

[Event "101st YMCA Winter C"]
[Site "Warszawa"]
[Date "2012.03.07"]
[Round "10"]
[White "Wrabel, Antoni"]
[Black "Antokolski, Michal"]
[Result "0-1"]
[WhiteElo "1713"]
[BlackElo "1742"]
[PlyCount "120"]
[EventDate "2012.01.03"]
[EventType "tourn"]
[EventRounds "1"]
[EventCountry "POL"]
[SourceDate "2012.01.03"]

1. e4 c5 2. Nf3 e6 3. c4 Nc6 4. d4 cxd4 5. Nxd4 Nf6 6. Nc3 Bb4 7. f3 Qa5 8.
Nde2 d5 9. cxd5 exd5 10. exd5 Nxd5 11. Bd2 O-O 12. Nxd5 Qxd5 13. Bxb4 Nxb4 14.
Qxd5 Nxd5 15. Kf2 Bf5 16. Ng3 Bg6 17. Bc4 Nf4 18. Rad1 Rac8 19. Rd4 b5 20. Rxf4
bxc4 21. Rc1 Rb8 22. Nf5 Rxb2+ 23. Kg3 Bxf5 24. Rxf5 Rxa2 25. Rxc4 f6 26. Rd5
g6 27. h4 Rf7 28. Rcc5 a6 29. h5 gxh5 30. Rxh5 Rg7+ 31. Kf4 Raxg2 32. Rc6 Ra7
33. Ra5 Kg7 34. Raxa6 Rxa6 35. Rxa6 h5 36. Ra7+ Kg6 37. Ra8 Rb2 38. Rg8+ Kh7
39. Rg1 Rb5 40. Rg2 Kh6 41. Rh2 Rg5 42. Ke4 Kg6 43. f4 Rg1 44. Ra2 Rg3 45. Rh2
Rg1 46. Rh3 Re1+ 47. Kf3 Rg1 48. Rh2 Ra1 49. Rh4 Ra3+ 50. Ke4 Rg3 51. Rh2 f5+
52. Kd4 Rg4 53. Ke5 Rg1 54. Rh3 Re1+ 55. Kd5 Re8 56. Ra3 h4 57. Ra6+ Kh5 58.
Rf6 Kg4 59. Rh6 Re4 60. Rh7 Rxf4 0-1

[Event "101st YMCA Winter C"]
[Site "Warszawa"]
[Date "2012.03.20"]
[Round "10"]
[White "Chmielewska, Joanna"]
[Black "Rozycki, Bartlomiej"]
[Result "1/2-1/2"]
[WhiteElo "1774"]
[BlackElo "1839"]
[Annotator "M"]
[PlyCount "36"]
[EventDate "2012.01.03"]
[EventType "tourn"]
[EventRounds "1"]
[EventCountry "POL"]
[SourceDate "2012.01.03"]

1. c4 e5 2. Nc3 Nc6 3. g3 g6 4. Bg2 Bg7 5. e3 d6 6. Nge2 f5 7. f4 Nf6 8. O-O
O-O 9. d4 e4 10. a3 Na5 11. b3 b6 12. d5 Ba6 13. Nd4 Bc8 14. Qe2 Bd7 15. b4 Nb7
16. Bb2 a6 17. Rfd1 Qe7 18. Rdc1 Rfc8 $11 1/2-1/2

[Event "101st YMCA Winter C"]
[Site "Warszawa"]
[Date "2012.03.07"]
[Round "10"]
[White "Prus, Marek"]
[Black "Chomczyk, Marek"]
[Result "0-1"]
[WhiteElo "1735"]
[BlackElo "1808"]
[PlyCount "88"]
[EventDate "2012.01.03"]
[EventType "tourn"]
[EventRounds "1"]
[EventCountry "POL"]
[SourceDate "2012.01.03"]

1. e4 e5 2. Nf3 Nc6 3. Bb5 a6 4. Ba4 d6 5. Bxc6+ bxc6 6. d4 exd4 7. Qxd4 c5 8.
Qd3 Bb7 9. c4 Nf6 10. Nc3 Be7 11. O-O O-O 12. Re1 Re8 13. Bg5 h6 14. Bh4 Ng4
15. Bg3 Bf6 16. h3 Ne5 17. Nxe5 Bxe5 18. Bxe5 Rxe5 19. Re3 Qh4 20. Rae1 Rae8
21. Nd5 Bxd5 22. exd5 Qd4 23. Qxd4 cxd4 24. Rxe5 dxe5 25. b4 g5 26. a4 f6 27.
Rb1 Kf7 28. a5 Ke7 29. b5 axb5 30. Rxb5 Kd6 31. Kf1 Ra8 32. Ke2 e4 33. f3 f5
34. g4 d3+ 35. Kd2 exf3 36. Kxd3 fxg4 37. hxg4 Re8 38. Rb2 Ra8 39. Rh2 Rxa5 40.
Rxh6+ Ke5 41. Re6+ Kf4 42. Re4+ Kg3 43. Re5 Ra3+ 44. Kd4 f2 0-1

[Event "101st YMCA Winter C"]
[Site "Warszawa"]
[Date "2012.03.07"]
[Round "10"]
[White "Maciejewski, Andrzej"]
[Black "Kaniewska, Emilia"]
[Result "1-0"]
[WhiteElo "1754"]
[BlackElo "1683"]
[Annotator "M"]
[PlyCount "153"]
[EventDate "2012.01.03"]
[EventType "tourn"]
[EventRounds "1"]
[EventCountry "POL"]
[SourceDate "2012.01.03"]

1. e4 c5 2. Nf3 d6 3. d4 cxd4 4. Nxd4 Nf6 5. Nc3 a6 6. Bg5 e6 7. f4 Be7 8. Qf3
Nbd7 9. O-O-O Qc7 10. g4 b5 11. h4 b4 12. Nb1 Bb7 13. Bxf6 Nxf6 14. Bd3 Rc8 15.
g5 Nd7 16. Rh2 Nc5 17. Qe3 O-O 18. h5 Nxd3+ 19. Rxd3 d5 20. g6 Bc5 21. gxh7+
Kh8 22. Qg3 dxe4 23. Rg2 Bxd4 24. Rxd4 f5 25. h6 gxh6 26. Rc4 Qxh7 27. Rxc8
Rxc8 28. Qe3 Qc7 29. Qd4+ Kh7 30. Qf6 Rg8 31. Rxg8 Kxg8 32. Qxe6+ Qf7 33. Qxh6
Bc8 $11 34. Qg5+ Qg7 35. Qxg7+ Kxg7 36. Kd2 Kf6 37. Ke3 Ke6 38. Kd4 Kd6 39. Nd2
Be6 40. a3 bxa3 41. bxa3 Bf7 42. c4 Bg8 43. a4 Bf7 44. Nb3 Be8 45. a5 Bc6 46.
Nd2 Bb7 47. Nf1 Bc8 48. Ne3 Bd7 49. Nd5 Bc6 50. Nb4 Bb7 51. c5+ Kc7 52. Ke5 Bc8
53. Kd4 Bb7 54. Ke3 Kd7 55. Kd4 Kc7 56. c6 Bc8 57. Kc5 Kd8 58. Nd5 Be6 59. Ne3
Kc7 60. Nc2 Bc8 61. Nd4 e3 62. Kd5 Kd8 63. Kd6 Ke8 64. Kc7 Be6 65. Kb8 Ke7 66.
c7 Bd7 67. c8=Q Bxc8 68. Kxc8 Kd6 69. Nxf5+ Kc6 70. Nxe3 Kb5 71. f5 Kxa5 72. f6
Kb5 73. f7 a5 74. f8=Q a4 75. Nc2 Kc4 76. Qb4+ Kd3 77. Qxa4 1-0

[Event "101st YMCA Winter C"]
[Site "Warszawa"]
[Date "2012.03.07"]
[Round "10"]
[White "Sawicki, Wojciech"]
[Black "Duda, Ryszard"]
[Result "1-0"]
[WhiteElo "1769"]
[BlackElo "1692"]
[PlyCount "109"]
[EventDate "2012.01.03"]
[EventType "tourn"]
[EventRounds "1"]
[EventCountry "POL"]
[SourceDate "2012.01.03"]

1. e4 c5 2. d4 cxd4 3. c3 dxc3 4. Nxc3 e6 5. Nf3 a6 6. Bc4 Qc7 7. Bb3 Bb4 8.
Qd4 Bxc3+ 9. bxc3 Ne7 10. Ba3 Nbc6 11. Qd2 Na5 12. O-O h6 13. Qd4 Nxb3 14. axb3
Rg8 15. Bd6 Qd8 16. Nd2 Nc6 17. Qe3 b5 18. c4 Bb7 19. Qc5 b4 20. f4 a5 21. Nf3
Ra6 22. Qe3 Na7 23. Rfd1 Nc8 24. Bc5 d6 25. e5 Qc7 26. exd6 Nxd6 27. Qe5 Bxf3
28. Rxd6 Rc6 29. Rxc6 Qxe5 30. fxe5 Bxc6 31. Rxa5 f6 32. Ra7 fxe5 33. Re7+ Kd8
34. Rxe6 Kd7 35. Rxe5 Re8 36. Rxe8 Kxe8 37. Bxb4 Kf7 38. Bc3 g6 39. Kf2 Ke6 40.
g3 Be4 41. Ke3 Bc2 42. b4 Kd6 43. Bg7 h5 44. Kd4 Kc6 45. Bf8 Bf5 46. b5+ Kb6
47. Be7 Be6 48. Bd8+ Kb7 49. c5 Kc8 50. Ba5 Bg4 51. c6 Be2 52. Kc5 Bf3 53. b6
Bg2 54. b7+ Kb8 55. Bd2 1-0

[Event "101st YMCA Winter C"]
[Site "Warszawa"]
[Date "2012.03.07"]
[Round "10"]
[White "Krzyzanowski, Antoni"]
[Black "Pajak, Jakub"]
[Result "1/2-1/2"]
[WhiteElo "1777"]
[BlackElo "1693"]
[PlyCount "75"]
[EventDate "2012.01.03"]
[EventType "tourn"]
[EventRounds "1"]
[EventCountry "POL"]
[SourceDate "2012.01.03"]

1. e4 c5 2. Nc3 g6 3. g3 Nc6 4. Bg2 Bg7 5. d3 Rb8 6. Be3 d6 7. Qd2 b5 8. a3 Qa5
9. f4 Bd7 10. Nf3 b4 11. Nd1 Nh6 12. h3 f5 13. O-O O-O 14. Nh2 Rb6 15. c3 bxc3
16. bxc3 Rb3 17. e5 Rxa3 18. Rxa3 Qxa3 19. d4 cxd4 20. cxd4 Na5 21. Nb2 Rb8 22.
Rf2 Be6 23. Nf1 Nc4 24. Nxc4 Bxc4 25. Qc1 Qa6 26. Rc2 Bd3 27. Rc6 Rb6 28. Rc8+
Bf8 29. Qc7 Kg7 30. Rxf8 Kxf8 31. Qd8+ Kg7 32. Qxe7+ Nf7 33. Bd5 Qa1 34. Qf6+
Kh6 35. Qh4+ Kg7 36. Qf6+ Kh6 37. Qh4+ Kg7 38. Qf6+ 1/2-1/2

[Event "101st YMCA Winter C"]
[Site "Warszawa"]
[Date "2012.03.14"]
[Round "11"]
[White "Duda, Ryszard"]
[Black "Krzyzanowski, Antoni"]
[Result "1/2-1/2"]
[WhiteElo "1692"]
[BlackElo "1777"]
[PlyCount "90"]
[EventDate "2012.01.03"]
[EventType "tourn"]
[EventRounds "1"]
[EventCountry "POL"]
[SourceDate "2012.01.03"]

1. e4 c5 2. Nf3 d6 3. d4 cxd4 4. Nxd4 Nf6 5. Nc3 a6 6. f3 e5 7. Nb3 Be6 8. Nd5
Bxd5 9. exd5 Be7 10. Be3 O-O 11. Qd2 Nbd7 12. O-O-O a5 13. a4 Nb6 14. Bxb6 Qxb6
15. Kb1 Rfc8 16. Bb5 Rc7 17. Rhe1 Nd7 18. f4 Bf6 19. g3 Nc5 20. Qe3 h6 21. Nxc5
Rxc5 22. Bd3 Qxb2+ 23. Kxb2 exf4+ 24. Ka2 fxe3 25. Rxe3 Kf8 26. c4 Rcc8 27. Re4
Re8 28. Rde1 Rxe4 29. Rxe4 Re8 30. Kb3 Rxe4 31. Bxe4 Ke7 32. h3 Bd4 33. Kc2 Kf6
34. Kd3 Ke5 35. Bg2 f5 36. Ke2 h5 37. Bf3 g6 38. g4 hxg4 39. hxg4 Bg1 40. gxf5
gxf5 41. Kd3 Kf4 42. Ke2 Bc5 43. Bg2 b6 44. Bf3 Kg3 45. Bh1 Kf4 1/2-1/2

[Event "101st YMCA Winter C"]
[Site "Warszawa"]
[Date "2012.03.23"]
[Round "11"]
[White "Kaniewska, Emilia"]
[Black "Sawicki, Wojciech"]
[Result "0-1"]
[WhiteElo "1683"]
[BlackElo "1769"]
[PlyCount "120"]
[EventDate "2012.01.03"]
[EventType "tourn"]
[EventRounds "1"]
[EventCountry "POL"]
[SourceDate "2012.01.03"]

1. Nf3 Nf6 2. c4 g6 3. g3 Bg7 4. Bg2 O-O 5. O-O d6 6. Qc2 e5 7. d3 h6 8. Nbd2
Re8 9. Rb1 a5 10. a3 a4 11. b4 axb3 12. Qxb3 Nbd7 13. Bb2 Nc5 14. Qc2 Bd7 15.
e4 Ba4 16. Qc3 Bc6 17. Qc2 Ne6 18. Rfe1 Nd7 19. h3 Ndc5 20. Bf1 Qd7 21. Kh2
Reb8 22. Rec1 Ba4 23. Qc3 b5 24. Ba1 bxc4 25. Rxb8+ Rxb8 26. Qxc4 c6 27. Rb1
Rxb1 28. Nxb1 Bb5 29. Qc2 Qa7 30. Bb2 Bxd3 31. Bxd3 Nxd3 32. Qxd3 Qxf2+ 33. Kh1
Qxb2 34. Nbd2 Qc1+ 35. Kg2 Qc5 36. Nc4 Nd4 37. h4 Nxf3 38. Kxf3 d5 39. exd5
cxd5 40. Nd2 e4+ 41. Nxe4 dxe4+ 42. Qxe4 Qxa3+ 43. Kg2 Qb2+ 44. Kh3 Qe5 45.
Qa8+ Kh7 46. Qf3 Qf5+ 47. Qxf5 gxf5 48. Kg2 Kg6 49. Kf3 Be5 50. g4 fxg4+ 51.
Kxg4 f5+ 52. Kf3 Kh5 53. Kg2 Kxh4 54. Kf3 Kh3 55. Kf2 Kg4 56. Kg2 f4 57. Kf2 f3
58. Kg1 Bd4+ 59. Kf1 Kg3 60. Ke1 Kg2 0-1

[Event "101st YMCA Winter C"]
[Site "Warszawa"]
[Date "2012.03.14"]
[Round "11"]
[White "Chomczyk, Marek"]
[Black "Maciejewski, Andrzej"]
[Result "0-1"]
[WhiteElo "1808"]
[BlackElo "1754"]
[Annotator "M"]
[PlyCount "158"]
[EventDate "2012.01.03"]
[EventType "tourn"]
[EventRounds "1"]
[EventCountry "POL"]
[SourceDate "2012.01.03"]

1. e4 c5 2. Nf3 d6 3. d4 cxd4 4. Nxd4 Nf6 5. Nc3 g6 6. Be3 Bg7 7. Bc4 O-O 8. f3
Nc6 9. Bb3 Bd7 10. Qd2 Rb8 11. g4 Na5 12. Bh6 b5 13. Bxg7 Kxg7 14. O-O-O Nc4
15. Bxc4 bxc4 16. Nd5 e6 17. Ne3 Qc7 18. Qc3 e5 19. Ne2 Be6 20. g5 Nh5 21. f4
Rfc8 22. f5 Bd7 23. Qa3 Bc6 24. Nd5 Bxd5 25. Rxd5 c3 26. f6+ Kh8 27. Qxc3 Qb6
28. Qa3 Rc6 $11 29. Rhd1 Rbc8 30. R1d2 Nf4 31. R5d3 Nxd3+ 32. Qxd3 Qf2 33. b3
Qh4 34. Qe3 Qe1+ 35. Kb2 Rc3 36. Qxc3 Rxc3 37. Kxc3 Qf2 38. Ng3 Qe1 39. Kd3 h6
40. gxh6 Kh7 41. c4 Kxh6 42. Kc2 Qa1 43. a4 Kg5 44. Rxd6 Qa2+ 45. Kc3 Qxh2 46.
Rd3 Qf2 47. b4 Qe1+ 48. Kb3 Qb1+ 49. Kc3 Kxf6 50. c5 Qc1+ 51. Kb3 a5 52. bxa5
Qxc5 53. Ne2 Qxa5 54. Nc3 Ke6 55. Rd5 Qb6+ 56. Rb5 Qa7 57. a5 g5 58. Nd5 g4 59.
Rb6+ Kd7 60. a6 Kc8 61. Rc6+ Kd8 62. Rd6+ Ke8 63. Rc6 g3 64. Rc2 Kd7 65. Ra2
Kd6 66. Rd2 Kc5 67. Rc2+ Kd6 68. Rd2 g2 69. Nb4+ Kc7 70. Rxg2 Qe3+ 71. Ka4 Qxe4
72. Rc2+ Kb6 73. Rc8 f5 74. Rb8+ Ka7 75. Rb7+ Ka8 76. Rf7 f4 77. Rf8+ Ka7 78.
Rf7+ Kb6 79. Rf6+ Kc5 0-1

[Event "101st YMCA Winter C"]
[Site "Warszawa"]
[Date "2012.03.15"]
[Round "11"]
[White "Rozycki, Bartlomiej"]
[Black "Prus, Marek"]
[Result "1-0"]
[WhiteElo "1839"]
[BlackElo "1735"]
[PlyCount "69"]
[EventDate "2012.01.03"]
[EventType "tourn"]
[EventRounds "1"]
[EventCountry "POL"]
[SourceDate "2012.01.03"]

1. e4 c5 2. Nf3 h6 3. d4 cxd4 4. c3 Nf6 5. e5 Nd5 6. cxd4 e6 7. Bc4 Bb4+ 8. Bd2
Bxd2+ 9. Nbxd2 Nb6 10. Bb3 d5 11. O-O Nc6 12. Rc1 Bd7 13. Bc2 Rc8 14. Bb1 g5
15. Nb3 Ne7 16. Nc5 Bc6 17. h4 Ng8 18. Nh2 h5 19. hxg5 Qxg5 20. f4 Qh6 21. f5
Nc4 22. fxe6 fxe6 23. Qf3 Ne7 24. Qf7+ Kd8 25. Nxe6+ Kd7 26. Bf5 Rcg8 27. Rxc4
dxc4 28. d5 Rxg2+ 29. Kxg2 Qd2+ 30. Rf2 Bxd5+ 31. Nf3 Qd1 32. Nf4+ Kd8 33. Nxd5
Rg8+ 34. Kh2 Qxd5 35. Rd2 1-0

[Event "101st YMCA Winter C"]
[Site "Warszawa"]
[Date "2012.03.14"]
[Round "11"]
[White "Antokolski, Michal"]
[Black "Chmielewska, Joanna"]
[Result "1-0"]
[WhiteElo "1742"]
[BlackElo "1774"]
[PlyCount "91"]
[EventDate "2012.01.03"]
[EventType "tourn"]
[EventRounds "1"]
[EventCountry "POL"]
[SourceDate "2012.01.03"]

1. e4 b6 2. d4 e6 3. Bd3 Bb7 4. Nf3 d5 5. e5 c5 6. c3 Nc6 7. Bg5 Qd7 8. Nbd2
Rc8 9. a3 Nge7 10. O-O Ng6 11. h4 h6 12. h5 Nge7 13. Be3 cxd4 14. cxd4 Nf5 15.
g4 Nfe7 16. Nh4 Kd8 17. b4 Kc7 18. Nb3 Kb8 19. b5 Nd8 20. a4 Rc3 21. a5 Nc8 22.
a6 Ba8 23. f4 Be7 24. Ng2 g6 25. hxg6 fxg6 26. Rc1 Bb4 27. Rxc3 Bxc3 28. Qc2
Bb4 29. Rc1 Ne7 30. Bd2 Bxd2 31. Nxd2 Nf7 32. Qb1 Rg8 33. Nf3 h5 34. Ne3 Nh6
35. g5 Nhf5 36. Bxf5 Nxf5 37. Nxf5 exf5 38. Qb4 Rd8 39. Kf2 Qe6 40. Nh4 Qf7 41.
Qc3 Qd7 42. Nxg6 h4 43. e6 Qd6 44. Ne5 h3 45. Nd7+ Rxd7 46. Qc8# 1-0

[Event "101st YMCA Winter C"]
[Site "Warszawa"]
[Date "2012.03.14"]
[Round "11"]
[White "Praczukowski, Stanislaw"]
[Black "Wrabel, Antoni"]
[Result "1/2-1/2"]
[WhiteElo "1727"]
[BlackElo "1713"]
[PlyCount "93"]
[EventDate "2012.01.03"]
[EventType "tourn"]
[EventRounds "1"]
[EventCountry "POL"]
[SourceDate "2012.01.03"]

1. e4 e5 2. Nf3 Nc6 3. Bb5 a6 4. Ba4 Nf6 5. O-O b5 6. Bb3 Be7 7. Re1 O-O 8. c3
d6 9. h3 h6 10. d4 Re8 11. Nbd2 Bf8 12. Nf1 Bd7 13. Ng3 Na5 14. Bc2 c5 15. b3
Nc6 16. d5 Ne7 17. Be3 Ng6 18. Qd2 Nh7 19. b4 c4 20. a4 Nh4 21. Nh2 Be7 22.
axb5 axb5 23. Rxa8 Qxa8 24. f4 exf4 25. Bxf4 Bg5 26. Bxg5 Nxg5 27. Bd1 Ng6 28.
Bg4 Qa7+ 29. Kh1 Ne5 30. Bxd7 Qxd7 31. Ra1 Nd3 32. Qe3 Qd8 33. Qd4 Nxe4 34. Nf5
Qg5 35. g4 Nf6 36. Nf3 Qf4 37. Qxf4 Nxf4 38. Nxd6 Re3 39. Ra8+ Kh7 40. Nxf7 Ng6
41. Kg2 Nxd5 42. N3g5+ hxg5 43. Nxg5+ Kh6 44. Nf7+ Kh7 45. Ng5+ Kh6 46. Nf7+
Kh7 47. Ng5+ 1/2-1/2

[Event "101st YMCA Winter C"]
[Site "Warszawa"]
[Date "2012.03.21"]
[Round "12"]
[White "Chmielewska, Joanna"]
[Black "Praczukowski, Stanislaw"]
[Result "0-1"]
[WhiteElo "1774"]
[BlackElo "1727"]
[PlyCount "82"]
[EventDate "2012.01.03"]
[EventType "tourn"]
[EventRounds "1"]
[EventCountry "POL"]
[SourceDate "2012.01.03"]

1. e4 c5 2. Nf3 d6 3. d4 cxd4 4. Nxd4 Nf6 5. Nc3 a6 6. f4 e6 7. Qf3 Qb6 8. Nb3
Qc7 9. Bd3 b5 10. O-O Bb7 11. a3 Nbd7 12. Be3 Nc5 13. Rae1 Be7 14. f5 e5 15.
Kh1 h5 16. Bg5 O-O-O 17. Qe2 Ng4 18. Bd2 Bh4 19. Rd1 d5 20. Nxb5 axb5 21. Ba5
Qe7 22. Bxd8 Rxd8 23. Bxb5 Nxe4 24. Ba6 Bxa6 25. Qxa6+ Qb7 26. Qxb7+ Kxb7 27.
Rc1 Rc8 28. c3 Bf2 29. g3 Ne3 30. Nd2 Nxf1 31. Nxe4 dxe4 32. Kg2 e3 33. Kxf1
Rd8 34. b4 Kb6 35. c4 Rd3 36. a4 h4 37. c5+ Kc7 38. b5 hxg3 39. hxg3 Bxg3 40.
c6 Rb3 41. Rd1 Rb2 0-1

[Event "101st YMCA Winter C"]
[Site "Warszawa"]
[Date "2012.03.22"]
[Round "12"]
[White "Prus, Marek"]
[Black "Antokolski, Michal"]
[Result "0-1"]
[WhiteElo "1735"]
[BlackElo "1742"]
[PlyCount "118"]
[EventDate "2012.01.03"]
[EventType "tourn"]
[EventRounds "1"]
[EventCountry "POL"]
[SourceDate "2012.01.03"]

1. e4 c5 2. a3 e6 3. b4 cxb4 4. axb4 Bxb4 5. Bb2 Nf6 6. e5 Nd5 7. c4 Nb6 8. Na3
O-O 9. Nc2 Be7 10. d4 f6 11. Nf3 Nc6 12. d5 Nxe5 13. d6 Nexc4 14. dxe7 Qxe7 15.
Ba3 Nxa3 16. Rxa3 d5 17. Qa1 a6 18. Be2 e5 19. O-O Be6 20. Rb1 Rac8 21. Nfe1
Nc4 22. Bxc4 dxc4 23. Ne3 Rfd8 24. Nf3 e4 25. Nd4 Rxd4 26. Qxd4 Qxa3 27. Rxb7
Qc1+ 28. Nf1 Qg5 29. Ne3 c3 30. Rc7 Rxc7 31. Qd8+ Kf7 32. Qxc7+ Kg6 33. Qxc3
Qb5 34. h4 a5 35. g4 a4 36. Qd4 Qc6 37. Qd8 Qd7 38. Qf8 Bxg4 39. Ng2 Bf3 40.
Ne3 Qc6 41. Kh2 Qe6 42. Qa8 Qd7 43. Qf8 h6 44. Qg8 Qd6+ 45. Kh3 Qd7+ 46. Kh2 a3
47. Nd5 Qd6+ 48. Kh3 a2 49. Qe8+ Kh7 50. Ne7 Qe6+ 51. Kh2 Qe5+ 52. Kh3 Qxe7 53.
Qxe7 a1=Q 54. h5 Qg1 55. Qe6 Qg2+ 56. Kh4 Qg5+ 57. Kh3 Qxh5+ 58. Kg3 Qg5+ 59.
Kh3 f5 0-1

[Event "101st YMCA Winter C"]
[Site "Warszawa"]
[Date "2012.01.17"]
[Round "12"]
[White "Maciejewski, Andrzej"]
[Black "Rozycki, Bartlomiej"]
[Result "1/2-1/2"]
[WhiteElo "1754"]
[BlackElo "1839"]
[Annotator "M"]
[PlyCount "117"]
[EventDate "2012.01.03"]
[EventType "tourn"]
[EventRounds "1"]
[EventCountry "POL"]
[SourceDate "2012.01.03"]

1. e4 Nf6 2. e5 Nd5 3. c4 Nb6 4. d4 d6 5. exd6 cxd6 6. Nc3 g6 7. Be3 Bg7 8. Rc1
O-O 9. Be2 Nc6 10. Nf3 Bg4 11. b3 d5 12. c5 Nc8 13. O-O e6 14. h3 Bxf3 15. Bxf3
N8e7 16. Qd2 Nf5 17. Ne2 Nh4 18. b4 Nxf3+ 19. gxf3 a6 20. Rfd1 Qh4 21. Kg2 h6
22. Bf4 Rfe8 23. Bg3 Qf6 24. a4 Ne7 25. Be5 Qh4 26. Bxg7 Kxg7 27. Ng3 g5 28.
Re1 Ng6 29. Ne2 Qh5 30. Qd3 f5 31. Rc3 Qh4 32. c6 bxc6 33. Rxc6 Qh5 34. Rc3
Nh4+ 35. Kh2 Re7 36. Ng3 Qe8 37. b5 axb5 38. axb5 f4 39. Nf1 Nf5 40. Rc5 Ra4
41. Rd1 Kf7 42. Qc3 Qb8 43. Rd3 Nd6 44. Qc2 Rb4 45. Rdc3 Nf5 46. Rb3 Rxb3 47.
Qxb3 Rb7 48. Qd3 Kf6 49. Nd2 $11 Nd6 50. Rc6 Nxb5 51. Nb3 Na7 52. Rxe6+ Kxe6
53. Nc5+ Kf6 54. Qa6+ $11 Rb6 55. Nd7+ Kf7 56. Nxb6 Nc6 $11 57. Nxd5 Qd6 58.
Qc4 Kg7 59. Qc5 $11 1/2-1/2